000 00411nab a2200145Ia 4500
003 ES-SlBCS
005 20210601124258.0
008 140529s1955 xxu||||| |||| 00| 0 eng d
041 _aeng
100 1 _aFontanez, Francis
_9139001
245 0 0 _aMartyrs of Tonkin
_c Francis Fontanez
650 0 4 _aMártires de Tonkin
_9139002
773 0 _tDominicana
_gvol. 40, nº. 1, 1955, págs. 42-50
_wRev1398
942 _cAR
999 _c512215
_d512215